[Event "CAN-op"]
[Site "Edmonton CAN"]
[Date "2000.07.16"]
[Round "10"]
[White "McKay, Tom"]
[Black "MacFie, Bob"]
[Result "1/2-1/2"]
[WhiteElo "1689"]
[BlackElo "1627"]
[PlyCount "80"]
[GameId "2160767911703311"]
[EventDate "2000.07.08"]
[EventType "swiss"]
[EventRounds "10"]
[EventCountry "CAN"]

1. e4 d6 2. d4 Nf6 3. Nc3 g6 4. f4 Bg7 5. Be3 c6 6. Nf3 Qa5 7. Qd2 Ng4 8. Bg1 d5 9. e5 Na6 10. h3 Nh6 11. O-O-O Nf5 12. Bf2 h5 13. Kb1 e6 14. Bd3 Bd7 15. Nh4 O-O-O 16. Nxf5 exf5 17. Be1 Rde8 18. Bh4 Nc7 19. Rhe1 Kb8 20. Re2 Ne6 21. Qe3 Qb4 22. Bf2 Bh6 23. g3 h4 24. a3 Qe7 25. Rh1 Rd8 26. Ree1 Bc8 27. Ne2 hxg3 28. Bxg3 b6 29. h4 Bb7 30. c3 Rh7 31. Qf2 Rdh8 32. Rh2 Bf8 33. Reh1 Ng7 34. Ng1 Nh5 35. Nf3 f6 36. exf6 Nxf6 37. Ng5 Ng4 38. Qe2 Nxh2 39. Nxh7 Qxe2 40. Bxe2 Rxh7 1/2-1/2

[Event "CAN-op"]
[Site "Edmonton CAN"]
[Date "2000.07.16"]
[Round "10"]
[White "McKim, Fred"]
[Black "Gomes, Alan"]
[Result "1-0"]
[WhiteElo "2062"]
[BlackElo "1946"]
[PlyCount "141"]
[GameId "2160767911703312"]
[EventDate "2000.07.08"]
[EventType "swiss"]
[EventRounds "10"]
[EventCountry "CAN"]

1. d4 d5 2. Nf3 Bf5 3. e3 Nf6 4. c4 e6 5. Qb3 b6 6. Nc3 Be7 7. Bd2 O-O 8. cxd5 exd5 9. Rc1 c5 10. dxc5 bxc5 11. Na4 Nbd7 12. Qd1 Ne4 13. Be2 Ndf6 14. O-O Bd6 15. h3 g6 16. Bc3 Be6 17. Be5 h5 18. Nc3 Re8 19. Nxe4 Nxe4 20. Bxd6 Qxd6 21. Qa4 Bd7 22. Qa3 a6 23. Rfd1 Bb5 24. Bxb5 axb5 25. Qb3 Red8 26. a3 Rab8 27. Nd2 f5 28. Nxe4 fxe4 29. Rd2 c4 30. Qc2 b4 31. Rcd1 Qc5 32. axb4 Rxb4 33. Qc3 Rb3 34. Qf6 Rd6 35. Qe7 Rd3 36. Ra1 Ra6 37. Qd8+ Qf8 38. Qxf8+ Kxf8 39. Rxa6 Rxd2 40. Rb6 Rd1+ 41. Kh2 Ke7 42. Kg3 Kd7 43. Kf4 g5+ 44. Ke5 Rd2 45. Rd6+ Ke7 46. Rxd5 Rxb2 47. Kxe4 c3 48. Kf3 g4+ 49. hxg4 hxg4+ 50. Kg3 Rd2 51. Rc5 c2 52. f4 Kd6 53. Rc3 Re2 54. Kxg4 Rxg2+ 55. Kf3 Rh2 56. Ke4 Rd2 57. Rc4 Ke6 58. f5+ Kd6 59. Rc3 Ke7 60. Ke5 Kf7 61. e4 Kg7 62. Ke6 Rf2 63. e5 Re2 64. Rc7+ Kf8 65. f6 Kg8 66. Rc8+ Kh7 67. f7 Rf2 68. Rxc2 Rxc2 69. f8=Q Rc6+ 70. Kd7 Rg6 71. Qf7+ 1-0

[Event "CAN-op"]
[Site "Edmonton CAN"]
[Date "2000.07.16"]
[Round "10"]
[White "Miller, Brian"]
[Black "Lauritson, Jim"]
[Result "1/2-1/2"]
[WhiteElo "1854"]
[BlackElo "2057"]
[PlyCount "61"]
[GameId "2160767911703313"]
[EventDate "2000.07.08"]
[EventType "swiss"]
[EventRounds "10"]
[EventCountry "CAN"]

1. d4 f5 2. c4 Nf6 3. Nc3 g6 4. e3 Bg7 5. Bd3 O-O 6. Nge2 d6 7. O-O e5 8. dxe5 dxe5 9. Bc2 Be6 10. b3 c5 11. Bb2 Qe7 12. Qc1 Nc6 13. a3 Rfd8 14. Rd1 Bf7 15. Rd2 Rxd2 16. Qxd2 Rd8 17. Qe1 e4 18. Rd1 Ne5 19. Rxd8+ Qxd8 20. Qd1 Nd3 21. Nf4 Ng4 22. Bxd3 Qh4 23. Nh3 exd3 24. Qxd3 Be5 25. Qd2 Nxh2 26. f4 Qg3 27. Qf2 Qxf2+ 28. Nxf2 Bxc3 29. Bxc3 Ng4 30. Nxg4 fxg4 31. Be5 1/2-1/2

[Event "CAN-op"]
[Site "Edmonton CAN"]
[Date "2000.07.16"]
[Round "10"]
[White "Miller, Chris"]
[Black "Tsui, Alick"]
[Result "1/2-1/2"]
[WhiteElo "1557"]
[BlackElo "1106"]
[PlyCount "85"]
[GameId "2160767911703314"]
[EventDate "2000.07.08"]
[EventType "swiss"]
[EventRounds "10"]
[EventCountry "CAN"]

1. e4 e5 2. Nf3 Nc6 3. Bc4 h6 4. d4 d6 5. dxe5 dxe5 6. Qxd8+ Kxd8 7. Bxf7 Nf6 8. Nbd2 Bb4 9. c3 Bc5 10. h3 Ke7 11. Bg6 a5 12. O-O b5 13. Rd1 Rd8 14. Nh4 Kf8 15. Re1 Ne7 16. Nf1 Bd6 17. Ng3 Nxg6 18. Nxg6+ Kf7 19. Nh4 Be6 20. Nhf5 Bf8 21. b3 Ng8 22. Bb2 g6 23. Ne3 Rd2 24. Re2 Rxe2 25. Nxe2 Bg7 26. Rd1 a4 27. Nd5 axb3 28. axb3 Ra2 29. Rd2 c6 30. Nb4 Ra8 31. Nxc6 Bxb3 32. Rd7+ Kf8 33. Nc1 Nf6 34. Ra7 Rxa7 35. Nxa7 Bc4 36. f3 h5 37. Nc6 Nd7 38. Na5 Bh6 39. Ncb3 Be3+ 40. Kh2 Bf4+ 41. Kg1 Be3+ 42. Kh2 Kf7 43. Bc1 1/2-1/2

[Event "CAN-op"]
[Site "Edmonton CAN"]
[Date "2000.07.16"]
[Round "10"]
[White "Nathani, Kaleim"]
[Black "Deane, Lloyd"]
[Result "1-0"]
[WhiteElo "1963"]
[BlackElo "1582"]
[PlyCount "41"]
[GameId "2160767911703315"]
[EventDate "2000.07.08"]
[EventType "swiss"]
[EventRounds "10"]
[EventCountry "CAN"]

1. e4 Nf6 2. Nc3 e5 3. Nf3 Nc6 4. d4 exd4 5. Nd5 Nxd5 6. exd5 Nb4 7. Nxd4 Nxd5 8. Bc4 Nb6 9. Bb3 d5 10. O-O Be7 11. c3 O-O 12. Bc2 g6 13. Bh6 Re8 14. f4 c5 15. f5 cxd4 16. fxg6 hxg6 17. Qxd4 Bc5 18. Qxc5 Qe7 19. Qd4 Qe5 20. Qf2 Be6 21. Rae1 1-0

[Event "CAN-op"]
[Site "Edmonton CAN"]
[Date "2000.07.16"]
[Round "10"]
[White "Nystrom, Kurtis"]
[Black "Milne, Arthur"]
[Result "1/2-1/2"]
[WhiteElo "1675"]
[BlackElo "1929"]
[PlyCount "66"]
[GameId "2160767911703317"]
[EventDate "2000.07.08"]
[EventType "swiss"]
[EventRounds "10"]
[EventCountry "CAN"]

1. e4 e6 2. Qe2 Be7 3. Nf3 d5 4. exd5 exd5 5. d4 Nf6 6. g3 O-O 7. Bg2 Nc6 8. O-O Bg4 9. c3 Re8 10. Qb5 a6 11. Qd3 Bxf3 12. Bxf3 Qd7 13. Bg5 h6 14. Bxf6 Bxf6 15. Nd2 Re7 16. Rfe1 Rae8 17. Rxe7 Rxe7 18. Nf1 Na7 19. Ne3 c6 20. Nf5 Re8 21. Ne3 Nc8 22. Re1 Nd6 23. Re2 Bg5 24. Nd1 Rxe2 25. Qxe2 f5 26. Bg2 Ne4 27. f3 Nd6 28. Nf2 f4 29. Bh3 Qe8 30. Qxe8+ Nxe8 31. Nd3 fxg3 32. hxg3 Nd6 33. Kf2 Kf7 1/2-1/2

[Event "CAN-op"]
[Site "Edmonton CAN"]
[Date "2000.07.16"]
[Round "10"]
[White "Oliger, Mark"]
[Black "Long, Hugh"]
[Result "1-0"]
[WhiteElo "1891"]
[BlackElo "1928"]
[PlyCount "37"]
[GameId "2160767911703319"]
[EventDate "2000.07.08"]
[EventType "swiss"]
[EventRounds "10"]
[EventCountry "CAN"]

1. d4 Nf6 2. Nf3 g6 3. Nc3 d5 4. Bf4 a6 5. e3 Bg7 6. Be2 O-O 7. Ne5 Nbd7 8. h4 Nxe5 9. Bxe5 h6 10. f3 e6 11. g4 Ne8 12. Bxg7 Nxg7 13. f4 f5 14. Qd2 c5 15. O-O-O Qa5 16. Rdg1 Kh7 17. h5 gxh5 18. g5 hxg5 19. Rxg5 1-0

[Event "CAN-op"]
[Site "Edmonton CAN"]
[Date "2000.07.16"]
[Round "10"]
[White "Olson, Hans"]
[Black "Yamach, Ahmet"]
[Result "1/2-1/2"]
[WhiteElo "2044"]
[BlackElo "1771"]
[PlyCount "58"]
[GameId "2160767911703320"]
[EventDate "2000.07.08"]
[EventType "swiss"]
[EventRounds "10"]
[EventCountry "CAN"]

1. e4 d5 2. exd5 Qxd5 3. Nc3 Qd8 4. d4 e6 5. Be3 Nf6 6. Bd3 Bb4 7. a3 Bxc3+ 8. bxc3 b6 9. Nf3 Bb7 10. O-O O-O 11. Re1 Nbd7 12. Bg5 h6 13. Bh4 Qc8 14. Ne5 c5 15. Nxd7 Nxd7 16. Qg4 c4 17. Be4 Bxe4 18. Qxe4 b5 19. a4 a6 20. axb5 axb5 21. Rab1 Ra5 22. Rb2 Nb6 23. Be7 Re8 24. Bb4 Ra4 25. Qf3 Nd5 26. Bc5 Qd7 27. g3 Rb8 28. Reb1 Rb7 29. Bb4 Qd8 1/2-1/2

[Event "CAN-op"]
[Site "Edmonton CAN"]
[Date "2000.07.16"]
[Round "10"]
[White "Phimester, Alex"]
[Black "Kesteris, Thorston"]
[Result "1-0"]
[WhiteElo "1479"]
[BlackElo "1152"]
[PlyCount "73"]
[GameId "2160767911703322"]
[EventDate "2000.07.08"]
[EventType "swiss"]
[EventRounds "10"]
[EventCountry "CAN"]

1. e4 e5 2. Nf3 Nc6 3. d4 d6 4. Bb5 Bd7 5. O-O a6 6. Bxc6 Bxc6 7. Re1 Nf6 8. Nc3 Bd7 9. dxe5 dxe5 10. Nxe5 Bd6 11. Nxd7 Nxd7 12. a3 Ne5 13. Bf4 O-O 14. Ne2 Qe7 15. Ng3 g6 16. Qd2 Nc4 17. Bxd6 Nxd6 18. e5 Nc4 19. Qc3 Qe6 20. Re4 b5 21. b3 f5 22. exf6 Qxf6 23. Qxf6 Rxf6 24. bxc4 bxc4 25. Rxc4 c6 26. Ne4 Rf4 27. g3 Rf3 28. Rxc6 a5 29. Kg2 Rf5 30. Re1 Raf8 31. Rc5 Rxc5 32. Nxc5 Rc8 33. Re5 Kf7 34. c3 Kf6 35. f4 h6 36. Ne4+ Kf7 37. Nd6+ 1-0

[Event "CAN-op"]
[Site "Edmonton CAN"]
[Date "2000.07.16"]
[Round "10"]
[White "Sadov, Sergey"]
[Black "Gushuliak, Justin"]
[Result "0-1"]
[WhiteElo "2119"]
[BlackElo "2119"]
[PlyCount "148"]
[GameId "2160767911703323"]
[EventDate "2000.07.08"]
[EventType "swiss"]
[EventRounds "10"]
[EventCountry "CAN"]

1. e4 c5 2. Nf3 Nc6 3. d4 cxd4 4. Nxd4 Nf6 5. Nc3 d6 6. Be2 g6 7. Be3 Bg7 8. O-O O-O 9. Nb3 Be6 10. Kh1 Qc8 11. f3 Rd8 12. Nd5 Bxd5 13. exd5 Ne5 14. Qd2 Nc4 15. Bxc4 Qxc4 16. Rfd1 Nd7 17. Na5 Qa6 18. Rab1 Ne5 19. Bd4 Rac8 20. f4 Ng4 21. Bxg7 Kxg7 22. h3 Nf6 23. b4 Rd7 24. c4 b6 25. Nc6 Qxc4 26. b5 Rcc7 27. Rb4 Qc5 28. a4 e6 29. Qb2 Rc8 30. Rbd4 e5 31. R4d3 Ne4 32. Rf3 f6 33. Kh2 Qc4 34. Rfd3 Nc5 35. Rc3 Nxa4 36. Rxc4 Nxb2 37. Rcc1 Nxd1 38. Rxd1 a6 39. bxa6 Ra8 40. a7 Rdxa7 41. Nxa7 Rxa7 42. fxe5 dxe5 43. g4 Kf7 44. Rb1 Rb7 45. Rb5 Ke7 46. Kg3 Kd6 47. h4 Kc7 48. h5 Rb8 49. h6 Rd8 50. Kf3 f5 51. d6+ Kxd6 52. Rxb6+ Ke7 53. g5 Rd3+ 54. Kf2 Rh3 55. Rb7+ Kf8 56. Rb8+ Kf7 57. Rb7+ Ke6 58. Rxh7 f4 59. Rh8 Kf5 60. Re8 Kxg5 61. Kg2 Rg3+ 62. Kh2 Kxh6 63. Rxe5 g5 64. Rb5 Kh5 65. Ra5 Kg4 66. Ra4 Re3 67. Ra5 Re2+ 68. Kh1 Kh3 69. Kg1 g4 70. Ra1 g3 71. Rb1 f3 72. Ra1 Rg2+ 73. Kh1 Rh2+ 74. Kg1 f2+ 0-1

[Event "CAN-op"]
[Site "Edmonton CAN"]
[Date "2000.07.16"]
[Round "10"]
[White "Schulte, Oliver"]
[Black "Tyomkin, Dimitri"]
[Result "1/2-1/2"]
[WhiteElo "2392"]
[BlackElo "2522"]
[PlyCount "75"]
[GameId "2160767911703324"]
[EventDate "2000.07.08"]
[EventType "swiss"]
[EventRounds "10"]
[EventCountry "CAN"]
[SourceTitle "EXT 2001"]
[Source "ChessBase"]
[SourceDate "2000.11.22"]
[SourceVersion "1"]
[SourceVersionDate "2000.11.22"]
[SourceQuality "1"]

1. e4 c5 2. Nf3 d6 3. d4 cxd4 4. Nxd4 Nf6 5. Nc3 Nc6 6. Bc4 Qb6 7. Nxc6 bxc6 8. O-O g6 9. Bg5 Bg7 10. Bb3 O-O 11. Qd2 a5 12. Rfe1 Qc7 13. h3 Re8 14. Rad1 Ba6 15. Qf4 Rab8 16. Re3 Qa7 17. e5 dxe5 18. Rxe5 Qc7 19. Rc5 Qb6 20. Na4 Qb7 21. Rxa5 Bb5 22. Nc5 Qb6 23. Qb4 Nd5 24. Bxd5 cxd5 25. a4 Bc6 26. Qxb6 Rxb6 27. b3 d4 28. Ra7 e5 29. Rc7 Ba8 30. a5 Rb5 31. a6 e4 32. Bf4 Rb6 33. a7 h6 34. Nd7 Rbe6 35. Nc5 Rb6 36. Ra1 f5 37. Nd7 Rbe6 38. Nc5 1/2-1/2

[Event "CAN-op"]
[Site "Edmonton CAN"]
[Date "2000.07.16"]
[Round "10"]
[White "Sekuloff, Mike"]
[Black "Campbell, John"]
[Result "1-0"]
[WhiteElo "1725"]
[BlackElo "1455"]
[PlyCount "63"]
[GameId "2160767911703325"]
[EventDate "2000.07.08"]
[EventType "swiss"]
[EventRounds "10"]
[EventCountry "CAN"]

1. e4 e5 2. Nf3 Nc6 3. c3 d5 4. Bb5 Bg4 5. h3 Bxf3 6. Qxf3 Nf6 7. O-O Nxe4 8. d3 Nf6 9. Bg5 Be7 10. Re1 e4 11. Qe3 O-O 12. Nd2 Re8 13. Rad1 a6 14. Bxc6 bxc6 15. Bxf6 Bxf6 16. dxe4 Rb8 17. b4 Qe7 18. Qg3 Be5 19. f4 Bxc3 20. Qxc3 Qd6 21. e5 Qxb4 22. Qxc6 Qb6+ 23. Qxb6 Rxb6 24. Nb3 c6 25. Rc1 Rd8 26. Red1 Kf8 27. Nd4 Rc8 28. Rc5 Rb2 29. a4 Rcb8 30. Nxc6 R8b3 31. Rcxd5 g6 32. R5d2 1-0

[Event "CAN-op"]
[Site "Edmonton CAN"]
[Date "2000.07.16"]
[Round "10"]
[White "Smith, Maurice"]
[Black "Campbell, Jamie"]
[Result "1/2-1/2"]
[WhiteElo "1836"]
[BlackElo "1436"]
[PlyCount "53"]
[GameId "2160767911703326"]
[EventDate "2000.07.08"]
[EventType "swiss"]
[EventRounds "10"]
[EventCountry "CAN"]

1. d4 Nf6 2. c4 e5 3. dxe5 Ne4 4. Nf3 Bb4+ 5. Nbd2 d5 6. exd6 Qxd6 7. a3 Bxd2+ 8. Nxd2 Bf5 9. e3 O-O 10. Be2 Rd8 11. Nxe4 Bxe4 12. Qxd6 Rxd6 13. f3 Bd3 14. Kf2 Nc6 15. Rd1 Rad8 16. Bxd3 Rxd3 17. Rxd3 Rxd3 18. Ke2 Rd6 19. b4 Rh6 20. h3 Rg6 21. Kf2 Ne5 22. c5 Nd3+ 23. Kf1 Re6 24. Ke2 Nf4+ 25. Kf1 Nd3 26. Ke2 Nf4+ 27. Kf1 1/2-1/2

[Event "CAN-op"]
[Site "Edmonton CAN"]
[Date "2000.07.16"]
[Round "10"]
[White "Stone, Gerald"]
[Black "Langlois, Paul"]
[Result "0-1"]
[WhiteElo "1501"]
[BlackElo "1537"]
[PlyCount "144"]
[GameId "2160767911703328"]
[EventDate "2000.07.08"]
[EventType "swiss"]
[EventRounds "10"]
[EventCountry "CAN"]

1. d4 d5 2. c4 c6 3. Bf4 Bf5 4. Nc3 e6 5. c5 b6 6. b4 h6 7. Nf3 f6 8. Bd2 b5 9. e3 g5 10. Be2 Ne7 11. O-O Bh7 12. Ne1 Ng6 13. g3 Be7 14. Bh5 O-O 15. Bxg6 Bxg6 16. a4 Qd7 17. a5 a6 18. f3 e5 19. Ne2 e4 20. f4 f5 21. Ng2 Qe6 22. h4 Bf6 23. fxg5 hxg5 24. hxg5 Bxg5 25. Nef4 Qf7 26. Kf2 Kg7 27. Rh1 Nd7 28. Nh5+ Bxh5 29. Rxh5 Qg6 30. Nf4 Bxf4 31. gxf4 Nf6 32. Rg5 Ng4+ 33. Ke2 Rh8 34. Rxg6+ Kxg6 35. Qg1 Rh2+ 36. Ke1 Rah8 37. Qg3 R8h3 38. Qxh3 Rxh3 39. Rd1 Nxe3 40. Bxe3 Rxe3+ 41. Kf2 Rf3+ 42. Kg2 Rxf4 43. Rg1 Rg4+ 44. Kf2 Rxg1 45. Kxg1 Kg5 46. Kf2 f4 47. Ke2 f3+ 48. Ke3 Kg4 49. Kf2 Kf4 50. Ke1 Ke3 51. Kf1 Kxd4 52. Kf2 Kc4 53. Ke3 Kxb4 54. Kf2 Kxa5 55. Ke3 b4 56. Kf2 b3 57. Ke3 b2 58. Kf2 b1=Q 59. Ke3 Qe1+ 60. Kd4 f2 61. Ke5 f1=Q 62. Kd6 Qg3+ 63. Kxc6 Qf6+ 64. Kxd5 Qgg5+ 65. Kc4 e3 66. Kd3 e2 67. Kxe2 Qxc5 68. Kd3 Qfd6+ 69. Ke4 Qce5+ 70. Kf3 Qdf6+ 71. Kg4 Qeg5+ 72. Kh3 Qfh6# 0-1

[Event "CAN-op"]
[Site "Edmonton CAN"]
[Date "2000.07.16"]
[Round "10"]
[White "Taylor, Ian"]
[Black "Sullivan, Brian"]
[Result "1-0"]
[WhiteElo "1304"]
[BlackElo "1746"]
[PlyCount "95"]
[GameId "2160767911703329"]
[EventDate "2000.07.08"]
[EventType "swiss"]
[EventRounds "10"]
[EventCountry "CAN"]

1. Nf3 Nf6 2. c4 c5 3. e3 d6 4. d4 cxd4 5. exd4 g6 6. b3 Bg7 7. Nbd2 O-O 8. Bb2 Nh5 9. Qc2 Bf5 10. Bd3 Bxd3 11. Qxd3 Nf4 12. Qf1 Nc6 13. g3 Ne6 14. Qd3 Rb8 15. Bc3 Qc7 16. d5 Nb4 17. Bxb4 Bxa1 18. dxe6 f6 19. O-O Be5 20. Nxe5 fxe5 21. Ne4 Rf5 22. Qd5 Kg7 23. Bxd6 Qd8 24. Bxe7 Qxe7 25. Nd6 Rbf8 26. Nxf5+ Rxf5 27. Rd1 Rf8 28. Qd7 Re8 29. Qxe7+ Rxe7 30. Rd7 Kf6 31. Rxe7 Kxe7 32. Kg2 Kxe6 33. Kf3 Kf5 34. h3 e4+ 35. Ke3 Ke5 36. b4 a6 37. a4 a5 38. b5 Kd6 39. Kxe4 Kc5 40. Kd3 Kb4 41. f4 Kc5 42. Kc3 h5 43. g4 h4 44. g5 Kd6 45. Kd4 b6 46. Ke4 Ke6 47. f5+ gxf5+ 48. Kf4 1-0

[Event "CAN-op"]
[Site "Edmonton CAN"]
[Date "2000.07.16"]
[Round "10"]
[White "Taylor, William"]
[Black "Alipour, Iraj"]
[Result "1-0"]
[WhiteElo "2022"]
[BlackElo "1579"]
[PlyCount "143"]
[GameId "2160767911703330"]
[EventDate "2000.07.08"]
[EventType "swiss"]
[EventRounds "10"]
[EventCountry "CAN"]

1. b3 b6 2. Bb2 Bb7 3. f4 e6 4. e3 Nf6 5. Nf3 g6 6. g4 Bg7 7. g5 Nh5 8. Bxg7 Nxg7 9. Bg2 d6 10. h4 Nd7 11. O-O O-O 12. c4 c5 13. Nc3 a6 14. d4 Nf5 15. Qe1 cxd4 16. Nxd4 Bxg2 17. Kxg2 Nxd4 18. exd4 Re8 19. Qf2 Qc7 20. Qf3 Rf8 21. Rae1 Rac8 22. Re3 Nb8 23. d5 Rce8 24. dxe6 fxe6 25. Qg4 Rf5 26. Kg3 Qc5 27. Re4 b5 28. Nd5 Nd7 29. b4 Qc6 30. Qf3 Ne5 31. Rxe5 exd5 32. Qxd5+ Qxd5 33. Rxe8+ Kf7 34. cxd5 Kxe8 35. Rd1 Kd7 36. Kg4 Ke7 37. Rd4 Kd7 38. h5 Rf8 39. hxg6 hxg6 40. Rd3 Rf5 41. Kf3 Kc7 42. Ke4 Rf8 43. Rc3+ Kd7 44. Rh3 Re8+ 45. Kd3 Rf8 46. Rh7+ Kc8 47. Ke4 Re8+ 48. Kf3 Re1 49. Rg7 Rf1+ 50. Kg3 Rg1+ 51. Kf2 Ra1 52. Rxg6 Rxa2+ 53. Kg3 Kd7 54. Rh6 Rd2 55. g6 Ke7 56. g7 Kf7 57. Rg6 Kg8 58. Rg5 Rd4 59. Kg4 Rxb4 60. Kf5 a5 61. Ke6 Rxf4 62. Kxd6 b4 63. Re5 Rf2 64. Ke6 b3 65. d6 a4 66. d7 Re2 67. Kd6 Rd2+ 68. Rd5 b2 69. d8=Q+ Kxg7 70. Qg5+ Kf8 71. Qf5+ Kg7 72. Rxd2 1-0

[Event "CAN-op"]
[Site "Edmonton CAN"]
[Date "2000.07.16"]
[Round "10"]
[White "Tsui, Edwin"]
[Black "Niksic, John"]
[Result "1/2-1/2"]
[WhiteElo "1548"]
[BlackElo "2075"]
[PlyCount "43"]
[GameId "2160767911703331"]
[EventDate "2000.07.08"]
[EventType "swiss"]
[EventRounds "10"]
[EventCountry "CAN"]

1. e4 e6 2. d4 d5 3. Nd2 Nf6 4. e5 Nfd7 5. Bd3 c5 6. c3 Nc6 7. Ne2 a5 8. O-O cxd4 9. cxd4 a4 10. f4 g6 11. Nf3 Be7 12. Be3 h5 13. Qb1 Rg8 14. Ng5 Ndb8 15. a3 Na5 16. Qc2 Nb3 17. Rad1 Nc6 18. Bb5 Qb6 19. Nc3 Bd7 20. Bxa4 Ncxd4 21. Bxb3 Qxb3 22. Qf2 1/2-1/2

[Event "CAN-op"]
[Site "Edmonton CAN"]
[Date "2000.07.16"]
[Round "10"]
[White "Tuason, Alfred"]
[Black "Leku, Eset"]
[Result "1/2-1/2"]
[WhiteElo "1558"]
[BlackElo "1713"]
[PlyCount "37"]
[GameId "2160767911703332"]
[EventDate "2000.07.08"]
[EventType "swiss"]
[EventRounds "10"]
[EventCountry "CAN"]

1. b3 b6 2. Bb2 Bb7 3. Nc3 Nf6 4. Nf3 g6 5. e3 Bg7 6. Rb1 O-O 7. Be2 e5 8. d4 e4 9. Nd2 d5 10. O-O Re8 11. a4 c5 12. Nb5 a6 13. Na3 Nc6 14. c3 Qe7 15. Nc2 Rac8 16. Ba3 Nd7 17. Re1 Qg5 18. Bf1 Bf8 19. Bb2 1/2-1/2

[Event "CAN-op"]
[Site "Edmonton CAN"]
[Date "2000.07.16"]
[Round "10"]
[White "Van Weeren, Henry"]
[Black "Goutor, Yaroslav"]
[Result "1/2-1/2"]
[WhiteElo "1572"]
[BlackElo "1493"]
[PlyCount "42"]
[GameId "2160767911703333"]
[EventDate "2000.07.08"]
[EventType "swiss"]
[EventRounds "10"]
[EventCountry "CAN"]

1. e4 e5 2. Bc4 Bc5 3. Nf3 Nc6 4. Nc3 Nf6 5. a3 d6 6. O-O Bg4 7. Be2 Qd7 8. d3 h6 9. b4 Bd4 10. Nxd4 Nxd4 11. Bxg4 Qxg4 12. Qxg4 Nxg4 13. Ra2 O-O-O 14. h3 Nf6 15. Be3 Nc6 16. Nd5 Nxd5 17. exd5 Ne7 18. c4 f5 19. f4 b6 20. d4 e4 21. b5 g6 1/2-1/2

[Event "CAN-op"]
[Site "Edmonton CAN"]
[Date "2000.07.16"]
[Round "10"]
[White "Veszely, Frank"]
[Black "Ramaswamy, Kiran"]
[Result "1/2-1/2"]
[WhiteElo "1936"]
[BlackElo "1749"]
[PlyCount "71"]
[GameId "2160767911703334"]
[EventDate "2000.07.08"]
[EventType "swiss"]
[EventRounds "10"]
[EventCountry "CAN"]

1. g3 g6 2. Bg2 Bg7 3. c4 c5 4. d3 Nf6 5. Nc3 Nc6 6. Bg5 O-O 7. Qd2 Rb8 8. Bh6 d6 9. Bxg7 Kxg7 10. e3 Bd7 11. Nge2 a6 12. a4 b6 13. O-O Na7 14. d4 cxd4 15. Nxd4 Qc7 16. b3 Nc6 17. Nd5 Nxd5 18. Bxd5 h5 19. h4 Nxd4 20. exd4 Bc6 21. Bxc6 Qxc6 22. d5 Qd7 23. Rfe1 b5 24. axb5 axb5 25. Qd4+ Kg8 26. Ra7 Rb7 27. Rea1 Rfb8 28. Kg2 bxc4 29. bxc4 f6 30. c5 Rxa7 31. c6 Rxa1 32. cxd7 Raa8 33. Qe3 Kf7 34. Qe6+ Kf8 35. Qe4 Kf7 36. Qe6+ 1/2-1/2

[Event "CAN-op"]
[Site "Edmonton CAN"]
[Date "2000.07.16"]
[Round "10"]
[White "Watson, Michael"]
[Black "Strub, Michael"]
[Result "1-0"]
[WhiteElo "1241"]
[BlackElo "1579"]
[PlyCount "45"]
[GameId "2160767911703335"]
[EventDate "2000.07.08"]
[EventType "swiss"]
[EventRounds "10"]
[EventCountry "CAN"]

1. e4 e5 2. Nf3 Nf6 3. Nxe5 d6 4. Nf3 Nxe4 5. d4 d5 6. Bd3 Nc6 7. O-O Be7 8. Re1 f5 9. c4 Nb4 10. cxd5 Nxd3 11. Qxd3 Qxd5 12. Nc3 Nxc3 13. bxc3 Kd8 14. c4 Qd6 15. Rxe7 h6 16. Ba3 Qf6 17. Rae1 c6 18. Qe3 b6 19. Re8+ Rxe8 20. Qxe8+ Kc7 21. Re7+ Kb8 22. Ne5 Qg5 23. Nxc6# 1-0

[Event "CAN-op"]
[Site "Edmonton CAN"]
[Date "2000.07.16"]
[Round "10"]
[White "Wells, Peter K"]
[Black "Rowson, Jonathan"]
[Result "0-1"]
[WhiteElo "2506"]
[BlackElo "2494"]
[PlyCount "72"]
[GameId "2160767911703336"]
[EventDate "2000.07.08"]
[EventType "swiss"]
[EventRounds "10"]
[EventCountry "CAN"]
[SourceTitle "CBM 078"]
[Source "ChessBase"]
[SourceDate "2000.10.18"]
[SourceVersion "1"]
[SourceVersionDate "2000.10.18"]
[SourceQuality "1"]

1. d4 d6 2. Nf3 Bg4 3. e4 Nf6 4. Bd3 e6 5. h3 Bh5 6. O-O d5 7. Nbd2 Be7 8. c3 O-O 9. exd5 exd5 10. Re1 c5 11. dxc5 Bxc5 12. Nb3 Bb6 13. Bg5 h6 14. Bh4 Nc6 15. Bf5 g5 16. Bg3 Ne4 17. Bxe4 dxe4 18. Rxe4 f5 19. Re6 Qxd1+ 20. Rxd1 f4 21. Bh2 Rad8 22. Rxd8 Rxd8 23. Nfd2 Bf7 24. Re2 Bc4 25. Re1 Ne5 26. Nxc4 Nxc4 27. Kf1 Nxb2 28. g3 f3 29. g4 Bxf2 30. Kxf2 Nd3+ 31. Kf1 Nxe1 32. Kxe1 Re8+ 33. Kf1 Re2 34. Bg3 Rxa2 35. Nd4 a5 36. Nxf3 a4 0-1

[Event "CAN-op"]
[Site "Edmonton CAN"]
[Date "2000.07.16"]
[Round "10"]
[White "Winberg, Jim"]
[Black "Panjwani, Dilip"]
[Result "0-1"]
[WhiteElo "1750"]
[BlackElo "1599"]
[PlyCount "82"]
[GameId "2160767911703337"]
[EventDate "2000.07.08"]
[EventType "swiss"]
[EventRounds "10"]
[EventCountry "CAN"]

1. e4 c5 2. Nf3 Nc6 3. d4 cxd4 4. Nxd4 g6 5. Be3 Bg7 6. Nc3 Nf6 7. f3 O-O 8. Qd2 d5 9. Nxc6 bxc6 10. O-O-O e6 11. g4 Nd7 12. h4 a5 13. h5 Ba6 14. Bxa6 Rxa6 15. hxg6 fxg6 16. Qh2 Kf7 17. Bh6 Rg8 18. Qf4+ Qf6 19. Qxf6+ Bxf6 20. Be3 Rh8 21. g5 Bg7 22. f4 h5 23. gxh6 Rxh6 24. Rxh6 Bxh6 25. Rh1 Bg7 26. e5 a4 27. a3 Nb6 28. Bxb6 Rxb6 29. Nxa4 Rb5 30. Nc3 Rc5 31. Ne2 Rc4 32. b3 Re4 33. Kd2 g5 34. fxg5 Rxe5 35. Rg1 c5 36. a4 Rxg5 37. Rf1+ Ke8 38. a5 Be5 39. a6 Bb8 40. Ra1 Rg7 41. Nf4 Bxf4+ 0-1

[Event "CAN-op"]
[Site "Edmonton CAN"]
[Date "2000.07.16"]
[Round "10"]
[White "Xia, Yanchong"]
[Black "Chi, Jonathan"]
[Result "1-0"]
[WhiteElo "1731"]
[BlackElo "1392"]
[PlyCount "117"]
[GameId "2160767911703338"]
[EventDate "2000.07.08"]
[EventType "swiss"]
[EventRounds "10"]
[EventCountry "CAN"]

1. e4 c5 2. Nf3 d6 3. d4 cxd4 4. Nxd4 Nf6 5. Nc3 g6 6. Be3 Bg7 7. f3 Nc6 8. Bc4 Bd7 9. Qd2 O-O 10. O-O-O Rc8 11. Bb3 Ne5 12. h4 h5 13. Bg5 Qa5 14. Kb1 Kh7 15. g4 Rfe8 16. Qf4 Nc4 17. Bxc4 Rxc4 18. Nb3 Qb6 19. Bxf6 Bxf6 20. Nd5 Qd8 21. Nxf6+ exf6 22. gxh5 gxh5 23. Qxd6 Rc7 24. Qd5 Kg8 25. Rhg1+ Kf8 26. Qxh5 Ke7 27. e5 fxe5 28. Qxe5+ Kf8 29. Qh8+ Ke7 30. Rge1+ Be6 31. Rxd8 Rxh8 32. Rxh8 Rd7 33. a3 a6 34. h5 Kf6 35. h6 Bf5 36. Rg1 b6 37. h7 Rc7 38. Rh1 Bxc2+ 39. Ka2 Re7 40. Rg8 Bxh7 41. Rxh7 Re3 42. Rf8 Re7 43. Rfxf7+ Rxf7 44. Rxf7+ Kxf7 45. Nd4 Kf6 46. Kb3 Ke5 47. Kc3 Kd5 48. f4 Kd6 49. Kd3 Ke7 50. Ke4 Kf6 51. f5 Kf7 52. Ke5 Ke7 53. f6+ Kf7 54. Nf5 Ke8 55. Ke6 Kf8 56. f7 a5 57. Kf6 b5 58. Nd4 b4 59. Ne6# 1-0